Xã hội học quản lý /

Sơ lược lịch sử hình thành và phát triển các học thuyết quản lý; Những vấn đề cơ bản của xã hội học quản lý.

Đã lưu trong:
Bibliografiske detaljer
Hovedforfatter: Vũ Hào Quang, TS.
Format: Bog
Sprog:Vietnamese
Udgivet: Hà Nội : Đại học Quốc gia Hà Nội, 2002.
Udgivelse:Lần 2.
Fag:
Tags: Tilføj Tag
Ingen Tags, Vær først til at tagge denne postø!
Thư viện lưu trữ: Mạng thư viện Đại học Đà Nẵng
LEADER 01254cam a2200361 a 4500
001 000043952
003 2089
005 20060421145719.0
008 010217b2002 vm 000 vie
020 |c 31200 
040 |a LRC  |c LRC  |d LRC 
041 0 |a vie 
082 1 4 |a 301.068  |b VU-Q 
100 1 |a Vũ Hào Quang,  |c TS. 
245 1 0 |a Xã hội học quản lý /  |c Vũ Hào Quang. 
250 |a Lần 2. 
260 |a Hà Nội :  |b Đại học Quốc gia Hà Nội,  |c 2002. 
300 |a 388 tr. ;  |c 20,5 cm. 
520 3 |a Sơ lược lịch sử hình thành và phát triển các học thuyết quản lý; Những vấn đề cơ bản của xã hội học quản lý. 
630 0 4 |a Xã hội học. 
650 0 4 |a Xã hội học  |x Quản lý. 
OWN |a DUT 
AVA |a UDN50  |b DUT  |c Book  |d 301.068 VU-Q  |e available  |t Error 5001 Not defined in file expand_doc_bib_avail.  |f 3  |g 0  |h N  |i 0  |j SH  |k 1 
999 |a From the UDN01 
AVA |a UDN50  |b DUT  |c Book  |d 301.068 VU-Q  |e available  |t Error 5001 Not defined in file expand_doc_bib_avail.  |f 3  |g 0  |h N  |i 0  |j SH  |k 1 
TYP |a Monograph 
TYP |a Printed language 
980 |a Mạng thư viện Đại học Đà Nẵng